All countries by distance from my bedroom - Statistics

General Stats
  • This quiz has been taken 54 times
  • The average score is 150 of 196
Answers on the Map
Answers color-coded by a green-red scale on the quiz's map according to % correct below.
 
Answer Stats
# Distance (km) Answer % Correct
4 95 Austria
100%
2 63 Bosnia and Herzegovina
100%
0 0 (duh!) Croatia
100%
3 92 Hungary
100%
5 154 Italy
100%
6 227 Serbia
100%
1 15 Slovenia
100%
14 463 Albania
95%
9 322 Czech Republic
95%
8 287 Germany
95%
15 471 Kosovo
95%
12 349 Montenegro
95%
16 477 Poland
95%
11 340 Romania
95%
10 334 San Marino
95%
7 257 Slovakia
95%
13 425 Switzerland
95%
19 550 Bulgaria
90%
22 598 France
90%
23 690 Greece
90%
17 500 Liechtenstein
90%
24 705 Monaco
90%
21 569 North Macedonia
90%
20 554 Ukraine
90%
18 513 Vatican City
90%
38 1155 Algeria
86%
39 1179 Andorra
86%
56 2273 Armenia
86%
59 2370 Azerbaijan
86%
26 850 Belarus
86%
28 861 Belgium
86%
62 2484 Chad
86%
48 1819 Cyprus
86%
32 1013 Denmark
86%
46 1761 Egypt
86%
42 1408 Estonia
86%
45 1589 Finland
86%
50 1920 Georgia
86%
65 2776 Iceland
86%
60 2398 Iran
86%
58 2357 Iraq
86%
47 1762 Ireland
86%
54 2162 Israel
86%
55 2227 Jordan
86%
57 2319 Kazakhstan
86%
40 1197 Latvia
86%
53 2095 Lebanon
86%
43 1450 Libya
86%
34 1057 Lithuania
86%
25 821 Luxembourg
86%
67 2961 Mali
86%
37 1089 Malta
86%
68 2961 Mauritania
86%
27 857 Moldova
86%
51 1933 Morocco
86%
29 914 Netherlands
86%
63 2503 Niger
86%
44 1483 Norway
86%
49 1830 Portugal
86%
31 999 Russia
86%
61 2413 Saudi Arabia
86%
36 1074 Spain
86%
64 2772 Sudan
86%
35 1072 Sweden
86%
52 1998 Syria
86%
33 1049 Tunisia
86%
30 949 Turkey
86%
66 2943 Turkmenistan
86%
41 1221 United Kingdom
86%
69 3100 Uzbekistan
86%
70 3225 Kuwait
81%
80 3932 Afghanistan
76%
75 3743 Bahrain
76%
94 4535 Democratic Republic of the Congo
76%
73 3730 Eritrea
76%
81 4003 Ethiopia
76%
93 4514 Guinea
76%
97 4617 Guinea Bissau
76%
71 3575 Nigeria
76%
86 4164 Oman
76%
76 3804 Qatar
76%
89 4278 Senegal
76%
96 4612 Somalia
76%
79 3931 United Arab Emirates
76%
82 4035 Yemen
76%
114 5589 Angola
71%
133 7664 Antigua and Barbuda
71%
120 6608 Bangladesh
71%
77 3912 Benin
71%
119 6589 Bhutan
71%
128 7130 Botswana
71%
131 7278 Brazil
71%
74 3732 Burkina Faso
71%
113 5528 Burundi
71%
72 3641 Cameroon
71%
109 5005 Canada
71%
103 4815 Cape Verde
71%
78 3918 Central African Republic
71%
98 4666 China
71%
125 6924 Comoros
71%
92 4466 Djibouti
71%
100 4723 Equatorial Guinea
71%
104 4846 Gabon
71%
95 4544 Gambia
71%
85 4143 Ghana
71%
107 4967 India
71%
91 4426 Ivory Coast
71%
106 4908 Kenya
71%
90 4306 Kyrgyzstan
71%
102 4812 Liberia
71%
130 7237 Madagascar
71%
118 6368 Malawi
71%
124 6919 Maldives
71%
132 7446 Mauritius
71%
110 5210 Mongolia
71%
121 6659 Mozambique
71%
127 7124 Myanmar
71%
126 6984 Namibia
71%
115 5775 Nepal
71%
88 4260 Pakistan
71%
99 4683 Republic of the Congo
71%
111 5401 Rwanda
71%
135 7762 Saint Kitts and Nevis
71%
108 4973 Sao Tome and Principe
71%
122 6798 Seychelles
71%
101 4741 Sierra Leone
71%
134 7677 South Africa
71%
83 4057 South Sudan
71%
129 7224 Sri Lanka
71%
87 4194 Tajikistan
71%
112 5403 Tanzania
71%
84 4122 Togo
71%
105 4900 Uganda
71%
116 6088 United States of America
71%
117 6173 Zambia
71%
123 6874 Zimbabwe
71%
179 10600 Argentina
67%
149 8136 Bahamas
67%
137 7829 Barbados
67%
168 9584 Belize
67%
174 10080 Bolivia
67%
177 10273 Brunei
67%
157 8656 Cambodia
67%
180 11043 Chile
67%
176 10258 (12342) Cocos (Keeling) Islands (Australia)
67%
160 8810 Colombia
67%
171 9865 Costa Rica
67%
155 8413 Cuba
67%
136 7788 Dominica
67%
146 8096 Dominican Republic
67%
184 12154 East Timor
67%
175 10106 Ecuador
67%
173 9929 El Salvador
67%
147 8106 Eswatini
67%
183 11597 Federated States of Micronesia
67%
192 15906 Fiji
67%
144 8030 Grenada
67%
169 9708 Guatemala
67%
151 8208 Guyana
67%
152 8275 Haiti
67%
167 9574 Honduras
67%
158 8689 Indonesia
67%
159 8740 Jamaica
67%
156 8527 Japan
67%
188 14244 Kiribati
67%
140 7922 Laos
67%
153 8369 Lesotho
67%
161 9011 Malaysia
67%
185 12769 Marshall Islands
67%
163 9238 Mexico
67%
187 14238 Nauru
67%
164 9498 Nicaragua
67%
148 8116 North Korea
67%
182 11486 Palau
67%
166 9568 Panama
67%
186 12861 Papua New Guinea
67%
178 10410 Paraguay
67%
172 9908 Peru
67%
165 9507 Philippines
67%
138 7872 Saint Lucia
67%
141 7945 Saint Vincent and the Grenadines
67%
194 16331 Samoa
67%
170 9722 Singapore
67%
189 14975 Solomon Islands
67%
154 8388 South Korea
67%
143 7993 Suriname
67%
162 9124 Taiwan
67%
139 7887 Thailand
67%
193 15794 (17621) Tokelau (New Zealand)
67%
195 16486 Tonga
67%
145 8054 Trinidad and Tobago
67%
190 15157 Tuvalu
67%
181 11131 Uruguay
67%
191 15450 Vanuatu
67%
150 8206 Venezuela
67%
142 7960 Vietnam
67%
No matching quizzes found
Score Distribution
Percent of People with Each Score
Percentile by Number Answered
Your Score History
You have not taken this quiz